Psychological testing: (Record no. 153043)

MARC details
000 -LEADER
fixed length control field 00704nam a22001937a 4500
005 - DATE AND TIME OF LATEST TRANSACTION
control field 20180701121151.0
010 ## - LCCN (DPL NO)
LC control number B-167052
020 ## - INTERNATIONAL STANDARD BOOK NUMBER
International Standard Book Number 8178295717
Terms of availability 450.00
035 ## - SYSTEM CONTROL NUMBER
System control number B-167052
037 ## - SOURCE OF ACQUISITION
Source of stock number/acquisition Vistaar Publications
082 ## - DEWEY DECIMAL CLASSIFICATION NUMBER
Classification number 153.9
100 ## - MAIN ENTRY--PERSONAL NAME
Personal name Kline, Theresa J.B.
245 ## - TITLE STATEMENT
Title Psychological testing:
Remainder of title A practical approach to design and evaluation
Statement of responsibility, etc Kline, Theresa J.B.
260 ## - PUBLICATION, DISTRIBUTION, ETC. (IMPRINT)
Place of publication, distribution, etc New Delhi
Name of publisher, distributor, etc Vistaar Publications
Date of publication, distribution, etc 2005
270 ## - ADDRESS
Address B-42, Panchsheel Enclave New Delhi 110017
City New Delhi
Postal code 110017
300 ## - PHYSICAL DESCRIPTION
Extent 355p.
Dimensions 24cm(pb)
942 ## - ADDED ENTRY ELEMENTS (KOHA)
Source of classification or shelving scheme Dewey Decimal Classification
Item type English Books
Classification part 153.9
Call number suffix KLI
Holdings
Withdrawn status Lost status Not for loan Collection code Home library Current library Date acquired Full call number Barcode Koha item type
      Non-fiction Sarojini Nagar Sarojini Nagar 01/07/2018 153.9 KLI b-167052 English Books

© Delhi Public Library
Hit Counter
free hit counter